Top Fish Producing Countries - Statistics

General Stats
  • This quiz has been taken 49 times
  • The average score is 12 of 15
Answer Stats
Amount In Tonnes Answer % Correct
5 375 386 United States
100%
81 500 000 China
95%
10 800 000 India
93%
4 343 257 Japan
93%
23 200 000 Indonesia
88%
4 947 253 Russia
86%
3 255 171 South Korea
83%
2 493 154 Thailand
81%
6 420 471 Vietnam
81%
3 529 576 Norway
79%
2 879 355 Chile
74%
3 911 989 Peru
67%
4 228 906 Philippines
67%
3 878 324 Bangladesh
64%
3 090 034 Myanmar
57%
No matching quizzes found
Score Distribution
Percent of People with Each Score
Percentile by Number Answered
Your Score History
You have not taken this quiz